000 004470000a22001450004500
090 _aAR
_b01135
245 1 0 _aImpact of plant secondary compounds on primate feeding behavior
650 1 4 _aHábitos alimentarios
_93824
650 1 4 _aRelación planta-animal
_992861
650 1 4 _aPrimates
_992938
041 0 _aInglés
100 1 _aGlander, Kenneth E.
_994376
942 _cARTICULO
773 1 _tYearbook of Physical Anthropology
_3424
_q1-18
_d1982
_g25
999 _c10221
_d10221